000 00734nam a22002172 4500
001 0000004446
005 20151217145809.0
008 070523s xx 000 0 eng d
020 _a0195137183 :
_cKES 8,568
040 _aKABU
_cKABU
050 0 _aQA267.5
_b.C45N49
245 1 0 _aNew constructions in cellular automata /
_ceditors, David Griffeath, Christopher Moore.
260 _aOxford ;
_aNew York :
_bOxford University Press,
_c2003.
300 _axii, 340 p. :
_bill. ;
_c24 cm.
650 0 _aCellular automata
_xCongresses.
_@0000155012
700 1 _aGriffeath, David.
_@0000155013
700 1 _aMoore, Christopher.
_@0000155014
908 _a070523
950 _@1
999 _c2689
_d2689